| 000 | 00672nam a2200193 a 4500 | ||
|---|---|---|---|
| 001 | 2136 | ||
| 003 | CDMR | ||
| 005 | 20131211114610.0 | ||
| 008 | 130130s1930||||||||||||||||||||||||||||d | ||
| 040 |
_aCDMR _bcat _cCDMR |
||
| 100 | 1 |
_91591 _aMarsà, Ángel _d1900-1988 |
|
| 245 | 1 | 3 |
_aLa montaña iluminada _b: itinerario espiritual de la Exposición de Barcelona (1929-1930) _cAngel Marsá y Luis Marsillach ; palabras iniciales de José León |
| 260 |
_aBarcelona _c1930 _bHorizonte |
||
| 300 |
_a202 p ; _c18 cm |
||
| 500 | _aArticles publicats a "Las Noticias" | ||
| 500 | _aDedicatoria dels autors a Ferrer Eguizabal | ||
| 700 | 1 |
_94502 _aMarsillach, Luis |
|
| 942 |
_cMON _2udc |
||
| 999 |
_c2136 _d2136 |
||